00357pab a2200145 454500008004000000100001900040245003600059260000900095300000900104362001100113650002800124650002000152650002000172773001900192180718b1999 xxu||||| |||| 00| 0 eng d aSharma, Sushil aInsure to ensure health for all c1999 ap.14 a15 Apr aHealth services - India aSocial security aHealth services aTimes of India